Score 0/40 Timer 10:00
1 Play Today
Character Movie % Correct
Title CharacterHeidi
71.4%
Sara CreweThe Little Princess
63.4%
Rebecca WinsteadRebecca of Sunnybrook Farm
51.9%
Elizabeth BlairCurly Top
48.6%
Lloyd ShermanThe Little Colonel
44%
Shirley BlakeBright Eyes
40.3%
Dimples ApplebyDimples
37.7%
Virgie CaryThe Littlest Rebel
37.3%
Marthy 'Marky' JaneLittle Miss Marker
36.6%
MytylThe Blue Bird
35.8%
StarCaptain January
34%
SusanThe Bachelor and the Bobby-Soxer
33.9%
ShirleyBaby Take a Bow
33%
Barbara BarryPoor Little Rich Girl
28.9%
Ching-ChingStowaway
28.9%
Priscilla WilliamsWee Willie Winkie
28.9%
Betsy BrownLittle Miss Broadway
26.3%
Philadelphia ThursdayFort Apache
26.1%
Susannah SheldonSusannah of the Mounties
25.8%
Shirley DuganStand Up and Cheer!
23.5%
Character Movie % Correct
Molly MiddletonOur Little Girl
22.3%
Bridget 'Brig' HiltonSince You Went Away
21%
PennyJust Around the Corner
20.8%
WendyYoung People
20.4%
Mary Hagen That Hagen Girl
20%
Corliss ArcherA Kiss for Corliss
19.4%
Title CharacterKathleen
17.3%
Penelope 'Penny' DayNow and Forever
17.2%
TItle CharacterMiss Annie Rooney
15.6%
Margaret O'Hara/KnowlesThe Story of Seabiscuit
15.2%
Gloria SheltonRed Haired Alibi
14.4%
Corliss ArcherKiss and Tell
14.3%
Barbara OlmsteadHoneymoon
13.3%
Barbara MarshallI'll Be Seeing You
12.5%
Dinah SheldonAdventure in Baltimore
11.5%
Mary DoranNow I'll Tell
11.3%
Ellen BakerMr. Belvedere Goes to College
11%
Child (as Shirley Jane Temple)Out All Night
10.3%
ShirleyChange of Heart
10.1%
GirlKid's Last Stand
8.5%
Remove Ads.
Support Sporcle.
Get the best of Sporcle when you Go Orange. This ad-free experience offers more features, more stats, and more fun while also helping to support Sporcle. Thank you for becoming a member.

You're not logged in!

Compare scores with friends on all Sporcle quizzes.
OR
Log In

Show Comments

Extras

Top Quizzes Today


Score Distribution

Your Account Isn't Verified!

In order to create a playlist on Sporcle, you need to verify the email address you used during registration. Go to your Sporcle Settings to finish the process.

Report this User

Report this user for behavior that violates our Community Guidelines.

Details: